000
00283nam a22001337a 4500
008
180221b xxu||||| |||| 00| 0 eng d
020
_a
9781880463420
041
_a
eng
080
_a
37
100
_a
48
101
_a
EDU
245
_a
BUILDING DREAMS
_c
MYCHAL W
942
_2
udc
_c
BK
999
_c
43031
_d
43031